000 00720nam a2200289Ia 4500
005 20260324124037.0
008 008 260324s9999 xx 000 0 eng d
020 _a9781315759432
037 _aEBOOK
040 _aCRL
040 _beng
040 _cCRL
041 _2eng
041 _aeng
084 _qCRL
100 _aChristopher Larkosh
_91172632
245 0 _aRe-Engendering Translation
245 0 _bTranscultural Practice, Gender/Sexuality and the Politics of Alterity
260 _bTaylor and Francis
260 _c2011
365 _a
365 _b230
856 _uhttp://www.taylorfrancis.com/books/9781315759432
942 _cEBOOK
999 _c1766683
_d1766683